Praktikum po programmirovaniju /
Uložené v:
| Hlavný autor: | |
|---|---|
| Médium: | Kniha |
| Jazyk: | Russian |
| Vydané: |
Moskva :
Vysšaja škola,
1988
|
| Vydanie: | 1. izd. |
| Edícia: | Programmnoje obespečenije mikroEVM
kniga 11 |
| ISBN: |
5060012921 (brož.) |
| Fyzický popis: |
142 s. |
| Tagy: |
Pridať tag
Žiadne tagy, Buďte prvý kto otaguje tento záznam!
|
Titul je dostupný aj v ... 

MARC
| LEADER | 00000nam a2200000 a 4500 | ||
|---|---|---|---|
| 001 | 000283003 | ||
| 005 | 20061110134918.0 | ||
| 008 | 061110s1988 ru e 000 0 ruso | ||
| 020 | |a 5060012921 (brož.) | ||
| 040 | |a SVKKK |b slo |c SVKKK |e AACR2 | ||
| 041 | 0 | |a rus | |
| 044 | |a ru |c RU | ||
| 245 | 0 | 0 | |a Praktikum po programmirovaniju / |c Aleksandr Vasil´jevič Strižkov ... [et al.] |
| 250 | |a 1. izd. | ||
| 260 | |a Moskva : |b Vysšaja škola, |c 1988 | ||
| 300 | |a 142 s. | ||
| 440 | 0 | |a Programmnoje obespečenije mikroEVM |v kniga 11 | |
| 700 | 1 | |a Strižkov, Aleksandr Vasil´jevič |4 aut | |
| 919 | |a 5-06-001292-1 | ||
| 998 | |a BK | ||
| 090 | |g SCKHL |k Sklad Pribinova 2. posch. |a III.130748 |j 789526 |i B83375 |4 Zastaraná |s Vyradená | ||